000 00336pam a2200133 a 4500
020 _c
041 _h
082 _a752
_bBAR
100 _aJohn Barbar.
245 _aColour Mixing Manual
_hTextual Documents
260 _a[s.l]:
_bUnited States in Terioteries and Processing Canada ,
_c2010.
300 _a192:
_bpaper.
930 _a7723
999 _c241513
_d241513